How in the world? (Record no. 167)

MARC details
000 -LEADER
fixed length control field 01212pam a2200349 a 4500
005 - DATE AND TIME OF LATEST TRANSACTION
control field 20260322212009.0
008 - FIXED-LENGTH DATA ELEMENTS--GENERAL INFORMATION
fixed length control field data
010 ## - LIBRARY OF CONGRESS CONTROL NUMBER
LC control number 90030663
020 ## - INTERNATIONAL STANDARD BOOK NUMBER
International Standard Book Number 0895773538
020 ## - INTERNATIONAL STANDARD BOOK NUMBER
International Standard Book Number 9780895773531
040 ## - CATALOGING SOURCE
Original cataloging agency DLC
Transcribing agency DLC
Modifying agency DLC
050 00 - LIBRARY OF CONGRESS CALL NUMBER
Classification number T47
Item number .H725 1990
082 00 - DEWEY DECIMAL CLASSIFICATION NUMBER
Classification number 600
Edition information 20
092 ## - LOCALLY ASSIGNED DEWEY CALL NUMBER (OCLC)
Classification number 600 H725 1990
001 - CONTROL NUMBER
control field data
245 10 - TITLE STATEMENT
Title How in the world?
Statement of responsibility, etc. Reader's Digest Association.
260 ## - PUBLICATION, DISTRIBUTION, ETC.
Place of publication, distribution, etc. Pleasantville, N.Y. :
Name of publisher, distributor, etc. Reader's Digest Association,
Date of publication, distribution, etc. c1990.
300 ## - PHYSICAL DESCRIPTION
Extent 448 p. :
Other physical details ill. (some col.) ;
Dimensions 29 cm.
500 ## - GENERAL NOTE
General note At head of title: Reader's digest.
500 ## - GENERAL NOTE
General note Includes index.
650 #0 - SUBJECT ADDED ENTRY--TOPICAL TERM
Topical term or geographic name entry element Technology
Form subdivision Miscellanea.
650 #0 - SUBJECT ADDED ENTRY--TOPICAL TERM
Topical term or geographic name entry element Science
Form subdivision Miscellanea.
650 #0 - SUBJECT ADDED ENTRY--TOPICAL TERM
Topical term or geographic name entry element Medicine
Form subdivision Miscellanea.
650 #0 - SUBJECT ADDED ENTRY--TOPICAL TERM
Topical term or geographic name entry element Curiosities and wonders.
720 2# - ADDED ENTRY--UNCONTROLLED NAME
Name Reader's Digest Association.
730 0# - ADDED ENTRY--UNIFORM TITLE
Uniform title Reader's digest.
906 ## - LOCAL DATA ELEMENT F, LDF (RLIN)
a 7
b cbc
c orignew
d 1
e ocip
f 19
g y-gencatlg
991 ## -
-- c-GenColl
-- T47
-- .H725 1990
-- Copy 1
-- BOOKS
991 ## -
-- c-GenColl
-- T47
-- .H725 1990
-- 00014419135
-- Copy 3
-- CCF
991 ## -
-- r-SciRR
-- T47
-- .H725 1990
-- Copy 1
-- GenBib bi 91-004000
Holdings
Withdrawn status Lost status Damaged status Not for loan Home library Current library Shelving location Date acquired Total checkouts Full call number Barcode Date last seen Price effective from Koha item type
        Springfield Springfield General stacks 22/03/2026   600 20 BC0010172 22/03/2026 22/03/2026 Books